Welcome to the Holygrace Academy Library

Please use search bar below to get started

MIKACHA NETHAVAKAN (Record no. 1185)

MARC details
000 -LEADER
fixed length control field 00346nam a22001457a 4500
020 ## - INTERNATIONAL STANDARD BOOK NUMBER
ISBN 978-93-81788-41-7
082 ## - DEWEY DECIMAL CLASSIFICATION NUMBER
Classification number 894.812
Item number VAR/M
100 ## - MAIN ENTRY--AUTHOR NAME
Personal name VARGHESE, SANGEETH
245 ## - TITLE STATEMENT
Title MIKACHA NETHAVAKAN
250 ## - EDITION STATEMENT
Edition statement FIRST EDITION
260 ## - PUBLICATION, DISTRIBUTION, ETC. (IMPRINT)
Place of publication KOZHIKODE
Name of publisher OLIVE PUBLICATIONS
Year of publication 2012
300 ## - PHYSICAL DESCRIPTION
Number of Pages 170
650 ## - SUBJECT ADDED ENTRY--TOPICAL TERM
Topical Term MOTIVATIONAL
Geographic subdivision KERALA
942 ## - ADDED ENTRY ELEMENTS (KOHA)
Koha item type Books
Holdings
Withdrawn status Lost status Collection code Home library Current library Shelving location Date acquired Source of acquisition Cost, normal purchase price Full call number Accession Number Koha item type
    Reference Main Library Main Library SHELF-6E-- MALAYALAM PSYCHOLOGICAL &MOTIVATIONAL BOOKS 08/11/2016 purchase 120.00 894.812 VAR/M 09864 Books